Datum a čas kvízu
26.5
Celkem bodů
Celkový počet nahraných bodů na tomto kvízu bez doplňovacích otázek.
6.
Pořadí na kvízu
Konečné umístění týmu na tomto kvízu.
Zaznamenané odpovědi
| # | Otázka | Odpověď | Body | Výsledky |
|---|---|---|---|---|
| 1. | Senát nominoval rekordních 125... | Jan Kubiš, Adolf Opálka | 0 | |
| 2. | Předsednictví v Radě Evropské... | Maďarsko | 0 | |
| 3. | Minulý týden bylo oznámeno, kt... | Viggo Mortensen | 0 | |
| 4. | Do mobilní aplikace Portál obč... | DROZD | 1 | |
| 5. | Druhá nejvyšší česká hokejová... | Maxa | 1 | |
| 6. | Jak se nazývá specializované o... | A | 1 | |
| 7. | Jak se jmenuje ovoce na obrázk... | papája | 1 | |
| 8. | Nyní nás bude zajímat čínský a... | kiwi | 1 | |
| 9. | Vypište z následující řady dva... | kiwano, goji | 0.5 | |
| 10. | Níže jsou názvy tří odrůd jabl... | C | 1 |